[Event "World ol U16"]
[Site "Konya"]
[Date "2018.12.01"]
[Round "8.22"]
[White "Cheikh Boukal, Ziyad"]
[Black "Mhango, Banele"]
[Result "0-1"]
[WhiteElo "1830"]
[BlackElo "1828"]
[PlyCount "55"]
[EventDate "2018.11.25"]
[EventType "team-swiss"]
[EventRounds "9"]
[EventCountry "TUR"]
[SourceTitle "CBM 187 Extra"]
[Source "ChessBase"]
[SourceDate "2018.11.04"]
[SourceVersion "1"]
[SourceVersionDate "2018.11.04"]
[SourceQuality "1"]
[WhiteTeam "Algeria"]
[BlackTeam "South Africa"]
[WhiteTeamCountry "ALG"]
[BlackTeamCountry "RSA"]

1. d4 Nf6 2. f3 c5 3. d5 e6 4. Nc3 d6 5. e4 e5 6. Bd3 a6 7. a4 g6 8. Nge2 Qc7 9. Bc4 Bg7 10. 0-0 0-0 11. Kh1 h5 12. Qe1 Nh7 13. Qg3 Qe7 14. f4 h4 15. Qf3 exf4 16. Bxf4 Nd7 17. h3 Ne5 18. Bxe5 Bxe5 19. Rae1 Bd7 20. a5 Nf6 21. Nd1 Nh5 22. Ne3 Qg5 23. c3 Bg3 24. Ra1 Rae8 25. Ng4 f5 26. exf5 gxf5 27. Nh2 Re3 28. Ng1 0-1

[Event "World ol U16"]
[Site "Konya"]
[Date "2018.11.27"]
[Round "4.17"]
[White "Cheikh Boukal, Ziyad"]
[Black "Kong, Ren En"]
[Result "0-1"]
[WhiteElo "1830"]
[BlackElo "2059"]
[PlyCount "154"]
[EventDate "2018.11.25"]
[EventType "team-swiss"]
[EventRounds "9"]
[EventCountry "TUR"]
[SourceTitle "CBM 187 Extra"]
[Source "ChessBase"]
[SourceDate "2018.11.04"]
[SourceVersion "1"]
[SourceVersionDate "2018.11.04"]
[SourceQuality "1"]
[WhiteTeam "Algeria"]
[BlackTeam "Malaysia"]
[WhiteTeamCountry "ALG"]
[BlackTeamCountry "MAS"]

1. d4 Nf6 2. Bf4 d5 3. e3 e6 4. Nf3 Bd6 5. Nbd2 0-0 6. Bd3 b6 7. 0-0 Bb7 8. Ne5 Ne4 9. c3 c5 10. Qc2 Nxd2 11. Qxd2 Qe7 12. Qc2 f5 13. Qe2 Nd7 14. Nxd7 Qxd7 15. Rac1 Rae8 16. Bxd6 Qxd6 17. f4 a5 18. Qh5 Bc6 19. Rf3 Rf6 20. Rg3 Re7 21. Qe2 c4 22. Bc2 b5 23. a3 Ra7 24. Ra1 Rf8 25. Rf3 Rfa8 26. Rff1 b4 27. Rfb1 Qe7 28. Qd2 Rb8 29. axb4 axb4 30. Rxa7 Qxa7 31. cxb4 Qa2 32. b3 cxb3 33. Rxb3 Ba4 34. Rc3 Bxc2 35. Qxc2 Qxc2 36. Rxc2 Rxb4 37. Rc7 Rb6 38. Kf2 h6 39. Kf3 Kh7 40. h3 Kg6 41. g3 Kf6 42. Rc2 Rb1 43. Ra2 g5 44. Rc2 Re1 45. Kf2 Rh1 46. Kg2 Ra1 47. Kf3 Ra3 48. Rb2 g4+ 49. hxg4 fxg4+ 50. Kxg4 Rxe3 51. Rh2 Kg6 52. Rd2 h5+ 53. Kh4 Kf5 54. Rd1 Re2 55. Kh3 Re4 56. Rd3 Re1 57. Kg2 Ke4 58. Rd2 Ke3 59. Rf2 Kxd4 60. f5 exf5 61. Rxf5 Re5 62. Rf3 Kc4 63. Kf2 d4 64. Ra3 d3 65. Ra8 Kc3 66. Rc8+ Kb3 67. Kf3 d2 68. Rd8 Kc3 69. Rc8+ Kd3 70. Rd8+ Kc2 71. Rc8+ Kd1 72. Kf4 Rb5 73. Rd8 Rc5 74. Ke3 Rc3+ 75. Kf2 Rc7 76. Rd5 Kc1 77. Ke2 Re7+ 0-1

[Event "Angers op 13th"]
[Site "Angers"]
[Date "2018.05.12"]
[Round "3"]
[White "Cheikh Boukal, Ziyad"]
[Black "Duboue, Peio"]
[Result "0-1"]
[WhiteElo "1858"]
[BlackElo "2390"]
[PlyCount "102"]
[EventDate "2018.05.11"]
[EventType "swiss"]
[EventRounds "6"]
[EventCountry "FRA"]
[SourceTitle "CBM 184 Extra"]
[Source "ChessBase"]
[SourceDate "2018.06.28"]
[SourceVersion "1"]
[SourceVersionDate "2018.06.28"]
[SourceQuality "1"]

1. d4 d5 2. Bf4 Nf6 3. e3 c5 4. c3 Nc6 5. Nd2 Bf5 6. Ngf3 Qb6 7. Nh4 Bd7 8. Qb3 Qxb3 9. axb3 Nh5 10. Bg3 Nxg3 11. hxg3 e5 12. dxe5 Nxe5 13. Nhf3 Nc6 14. Bd3 g6 15. e4 d4 16. Nc4 dxc3 17. bxc3 Bg7 18. Rc1 0-0 19. 0-0 Rfd8 20. Rfd1 Bg4 21. Be2 Rxd1+ 22. Bxd1 Rd8 23. Be2 h6 24. Ne3 Be6 25. c4 Nd4 26. Nxd4 Rxd4 27. Rd1 Rxe4 28. Bf3 Rd4 29. Bxb7 Rxd1+ 30. Nxd1 Bd4 31. Be4 Bg4 32. Bc2 Be2 33. Ne3 Bxe3 34. fxe3 Kg7 35. Kf2 Bg4 36. Ke1 Kf6 37. Kd2 Ke5 38. Bd3 h5 39. Bc2 g5 40. Ke1 Bf5 41. Bd1 h4 42. gxh4 gxh4 43. Kf2 Be4 44. Kg1 Bb1 45. Kf2 f5 46. Kf3 Be4+ 47. Kf2 f4 48. exf4+ Kxf4 49. b4 cxb4 50. Ba4 Ke5 51. g4 Kd4 0-1

[Event "Angers op 8th"]
[Site "Angers"]
[Date "2013.05.05"]
[Round "5"]
[White "Cheikh Boukal, Ziyad"]
[Black "Bouleau, Henry"]
[Result "1/2-1/2"]
[WhiteElo "1567"]
[BlackElo "1386"]
[PlyCount "62"]
[EventDate "2013.05.03"]
[EventType "swiss"]
[EventRounds "6"]
[EventCountry "FRA"]
[SourceTitle "CBM 154 Extra"]
[Source "ChessBase"]
[SourceDate "2013.06.25"]
[SourceVersion "2"]
[SourceVersionDate "2013.06.25"]
[SourceQuality "1"]

1. e4 e6 2. d4 d5 3. Nd2 c5 4. c3 Nf6 5. Bd3 Nc6 6. Ngf3 cxd4 7. cxd4 Bb4 8. Qc2 Bxd2+ 9. Bxd2 dxe4 10. Bxe4 Nxe4 11. Qxe4 Ne7 12. 0-0 Nd5 13. Qg4 Qf6 14. Qg5 Qxg5 15. Bxg5 0-0 16. Be3 Nxe3 17. fxe3 Bd7 18. e4 Bc6 19. Rfe1 Rad8 20. Rad1 f6 21. Kf2 Kf7 22. Ke3 Rfe8 23. Kd3 b5 24. Rc1 Rc8 25. Rc5 Red8 26. Rec1 Bb7 27. Rxc8 Rxc8 28. Rxc8 Bxc8 29. d5 exd5 30. exd5 Ke7 31. Kc3 Kd6 1/2-1/2